Tratado de la prueba judicial

Salvato in:
Dettagli Bibliografici
Autore principale: Parra Quijano, Jairo (autor)
Natura: Libro
Lingua:spagnolo
Pubblicazione: Bogotá Del Profesional Ltda 1996
Edizione:5a. ed
Soggetti:
Tags: Aggiungi Tag
Nessun Tag, puoi essere il primo ad aggiungerne!!

MARC

LEADER 00000nam a2200000 a 4500
001 UCJ0174
003 CL-VaPUC
008 060707e19960000CK |||||||||||||||||spa|d
020 |a 9586352498 
020 |a 9586352501v.1 
082 0 4 |a 347.8607  |b PAR  |2 21 
100 |a Parra Quijano, Jairo  |e autor  |9 519582 
245 1 0 |a Tratado de la prueba judicial 
250 |a 5a. ed 
300 |a v 
942 |c BK 
945 |d 20060707 00:00:00  |a cmena 
260 |a Bogotá  |b Del Profesional Ltda  |c 1996 
500 |a v.1: El testimonio 
650 0 |a Procedimiento civil  |9 254870 
650 0 |a Derecho procesal civil  |9 258071 
650 7 |a DERECHO CIVIL COLOMBIANO  |2 CL-VaPUC  |9 500212 
650 7 |a TESTIGOS  |2 CL-VaPUC  |9 500213 
650 7 |a PRUEBAS JUDICIALES  |2 CL-VaPUC  |9 500214 
650 0 |a Juicios   |9 327339 
651 0 |a Colombia  |9 256424 
583 |a last modification  |c 20130305 02:10:59  |k Rodrigo Vera 
999 |c 317102  |d 317100 
952 |0 0  |1 0  |4 0  |6 347_860700000000000_PAR_1996  |7 0  |8 A  |9 392860  |a BIBDER  |b BIBDER  |d 2019-11-22  |h v.1  |i 4247914  |o 347.8607 PAR 1996  |p 4247914  |r 2023-01-25  |w 2019-11-22  |y BK  |k DER